00476naa a2200157 a 450000100080000000500110000800800410001910000210006024500650008126000090014665300240015565300200017970000180019970000220021777300790023910553672007-09-21 2002 bl uuuu u00u1 u #d1 aMILANI FILHO, J. aCasa familiar ruralba juventude aprensendo com a realidade. c2002 aCasa familiar rural aJuventude rural1 aGANDIN, C. L>1 aCAVALHEIRO, N. R. tAgropecuaria Catarinense, Florianopolisgv. 15, n. 2, p. 56-57, jul. 2002.